Capital Isograms (no letter used twice) - 3 - Statistics

General Stats
  • This quiz has been taken 76 times
  • The average score is 20 of 22
Answer Stats
Hint Answer % Correct
abku Baku
98%
eikv Kiev
95%
emor Rome
95%
afios Sofia
95%
asuv Suva
95%
adho Doha
94%
abju Juba
94%
benr Bern
92%
ailm Lima
92%
agir Riga
92%
aduvz Vaduz
92%
elmo Lome
91%
aiprs Paris
91%
ioqtu Quito
89%
aelm Male
88%
ikmns Minsk
88%
acior Cairo
85%
abklu Kabul
85%
instu Tunis
85%
elosu Seoul
82%
ahino Hanoi
79%
cersu Sucre
76%
No matching quizzes found
Score Distribution
Percent of People with Each Score
Percentile by Number Answered
Your Score History
You have not taken this quiz